Clickable Sporcle Quiz Show! Stats

 Plays Quiz Updated Sep 9, 2016

Support Sporcle.
Go Orange.
Score 0/30 Timer 05:00
1 Play Today
% Correct
GIANT PANDAS
90.6%
LUXEMBOURG
90%
BELUGAS
87.3%
DOBBY
86.5%
KILL BILL
86%
SIRIUS
83.2%
MOUNTAIN
GORILLAS
82.5%
BELLATRIX
LESTRANGE
82%
SHAWSHANK
REDEMPTION
81.7%
PATRIOTS
81.5%
HAPPY GILMORE
80.9%
HEAT
80.5%
BARTY CROUCH
77.6%
BELIZE
77.3%
YANKEES
76.2%
% Correct
MAXIME
76.1%
LAKERS
75.3%
LIFE OF BRIAN
75.1%
MARSHALL
ISLANDS
74.8%
PACKERS
73.4%
RADIOHEAD
72.1%
ANDORRA
69.4%
ORANGUTANS
69.4%
SHAUN OF
THE DEAD
67.2%
PANGOLINS
66%
VANUATU
65.6%
PEARL JAM
65.3%
WEEZER
62.2%
NIRVANA
61.2%
OASIS
61%

From the Vault

World History A-Z II

by History_Lover

History 5m
It's like an ultra-condensed encyclopedia.
Remove Ads.
Support Sporcle.
Get the best of Sporcle when you Go Orange. This ad-free experience offers more features, more stats, and more fun while also helping to support Sporcle. Thank you for becoming a member.

Show Comments

Extras

Top Quizzes Today


Score Distribution

Your Account Isn't Verified!

In order to create a playlist on Sporcle, you need to verify the email address you used during registration. Go to your Sporcle Settings to finish the process.

Report this User

Report this user for behavior that violates our Community Guidelines.

Details: